000 00421nam a2200169 i 4500
001 bg
100 1 _aDESCARTES, Rene
245 0 _aNamiętności duszy /
_cR. Descartes.
260 _aWarszawa,
_c1986.
490 1 _aBiblioteka Klasyków Psychologii
830 _aBiblioteka Klasyków Psychologii
040 _cBPK
041 _apol
080 _a159.94
942 _cKS
008 s pl f |000 0 pol
999 _c23181
_d23181
856 _uhttp://koha.tu.koszalin.pl/cgi-bin/koha/opac-detail.pl?biblionumber=23181
_yKatalog online BPK